Responses for Show #4160 - Friday, October 4, 2002

Mark Brown game 2.

Contestants

[<< previous game]

Cathy Royal, a librarian from Chattanooga, Tennessee

Rikardo Ayala, a writer from Los Angeles, California

Mark Brown, an administrative assistant and father from Peoria, Arizona (whose 1-day cash winnings total $19,999)

[next game >>]

Jeopardy! Round responses

LITERARY FIRST LINES
(Alex: We want you to give us the title of the work.)
ASTROLOGY
THAT'S SO '90s
HAVE A WHISKEY
PUT ON YOUR JAMIES
& GO TO "BED"
(Alex: Each correct response will end with these 3 letters of the alphabet in that order.)
    $200 1
"The Wizard of Oz"

Cathy
    $200 2
12

Mark
    $200 21
TV judges

Triple Stumper
    $200 12
Kentucky

Mark
    $200 23
Jamie Lee Curtis

Rikardo
    $200 10
(Cathy: [No response])

cubed

MarkCathy
    $400 3
"A Christmas Carol"

Rikardo
    $400 4
the Earth

Mark
    $400 22
Intel

Mark
    $400 13
(Rikardo: What is 20?)
...
(Alex: The opposite.)

80

RikardoCathy
    $400 24
Jamie Farr

Cathy
    $400 11
barbed wire

Rikardo
    $600 5
(Rikardo: What is "On Golden Pond?")

"Walden; or, Life in the Woods"

RikardoCathy
    $600 8
wood

Cathy
    $600 28
Tony Blair

Cathy
    $600 14
Red

Cathy
    $600 25
Jamie Foxx

Cathy
    $600 17
ribbed

Mark
    $800 6
"A River Runs Through It"

Mark
    $800 9
fire signs

Mark
    $800 29
Dolly

Rikardo
    $800 15
Canadian Club

Cathy
    $800 26
Jamie Kennedy

Rikardo
    $800 18
dubbed

Cathy
    $1000 7
"Fear of Flying"

Cathy
    $1,600 20
Pluto (because it's so far away)

Cathy
    $1000 30
Louis Farrakhan

Mark
    $1000 16
Chivas Regal

Mark
    $1000 27
Wyeth

Rikardo
    $1000 19
Jochebed

Cathy

Scores at the first commercial break (after clue 16):

Mark Rikardo Cathy
$3,600 -$200 $4,000

Scores at the end of the Jeopardy! Round:

Mark Rikardo Cathy
$5,600 $2,600 $9,000

Double Jeopardy! Round responses

INDONESIA
JAZZ IT UP
SCIENCE & NATURE
SNAP
HISTORIC NAMES
HOMOPHONES
    $400 2
Jakarta

Mark
    $400 1
vibes (vibraphone)

Mark
    $400 19
Arthur C. Clarke

Cathy
    $400 7
hat

Cathy
    $400 13
George II

Rikardo
    $400 18
pale/pail

Mark
    $800 3
Spice Islands

Cathy
    $800 9
stand-up guy

Rikardo
    $800 24
spiral

Rikardo
    $800 8
Crackle & Pop

Rikardo
    $800 14
Andrew Jackson

Mark
    $800 20
sweet/suite

Mark
    $1200 4
quinine

Cathy
    $1200 10
bebop/bop

Cathy
    $1200 26
Thor Heyerdahl

Cathy
    $1200 25
(Alex: Less than a minute to go, now.)

The Addams Family

Mark
    $1200 15
(Ricardo: Who is Fermi?)
(Cathy: Who is Einstein?)

Guglielmo Marconi

RikardoCathy
Triple Stumper
    $1200 21
nay/neigh

Mark
    $3,000 5
the Netherlands (Holland)

Cathy
    $1600 11
Miles Davis

Mark
    $1600 27
a wolf spider

Cathy
    $1600 29
ball-and-socket

Mark
    $4,000 16
Yuri Gagarin

Mark
    $1600 22
basks/Basques

Cathy
    $2000 6
(Cathy: Who is Sukarno?)
(Mark: Who is Sukarto?)

Suharto

MarkCathy
Triple Stumper
    $2000 12
'Round Midnight

Rikardo
    $2000 28
(Cathy: What are particles?)

photons

RikardoCathy
    $2000 30
snapping turtle

Rikardo
    $2000 17
Terry Anderson

Cathy
    $2000 23
cite/sight

Mark

Scores at the end of the Double Jeopardy! Round:

Mark Rikardo Cathy
$18,000 $10,200 $17,200

[wagering suggestions for these scores]

Final Jeopardy! Round responses

U.S. PRESIDENTS
RikardoWho is William Harrison
$10,000
CathyWho was Andrew Johnson
$17,200
MarkWho is B. Harrison
$16,500
James A. Garfield

Final scores:

Mark Rikardo Cathy
$1,500 $200 $0
2-day champion: $21,499 2nd place: $2,000 3rd place: $1,000

Game dynamics:

Coryat scores:

Mark Rikardo Cathy
$15,600 $10,200 $15,200
21 R
(including 1 DD),
1 W
13 R,
3 W
23 R
(including 2 DDs),
4 W

Combined Coryat: $41,000

[game clues] [game scores] [suggest correction]

Game tape date: 2002-06-18
The J! Archive is created by fans, for fans. Scraping, republication, monetization, and malicious use prohibited; this site may use cookies and collect identifying information. See terms. The Jeopardy! game show and all elements thereof, including but not limited to copyright and trademark thereto, are the property of Jeopardy Productions, Inc. and are protected under law. This website is not affiliated with, sponsored by, or operated by Jeopardy Productions, Inc. Join the discussion at JBoard.tv.